| 000 | 00549 a2200205 4500 | ||
|---|---|---|---|
| 999 |
_c4919 _d4919 |
||
| 003 | NUST | ||
| 020 | _a007022773X | ||
| 035 | _a4880600 | ||
| 038 | _ashaban | ||
| 040 |
_aDLC _bDLC |
||
| 082 |
_a302.23 _bGAM |
||
| 100 | 1 |
_aGamble, Michael, _9115 |
|
| 245 | 1 | 0 |
_aIntroducing mass communication _cMichael W. Gamble, Teri Kwal Gamble |
| 250 | _a2nd ed. | ||
| 260 |
_aNew York _b: McGraw-Hill _c, c1989. |
||
| 300 |
_axvi, 549 p. _b: ill. _c; 24 cm. |
||
| 650 | 0 |
_aMass media. _9116 |
|
| 700 | 1 |
_aGamble, Teri Kwal. _9117 |
|
| 942 |
_cBK _k001.51 GAM _2ddc |
||